LEADER 01369cam2 22002651 450 001 SOBE00018822 005 20111019123316.0 100 $a20111019d1836 |||||ita|0103 ba 101 $aita 102 $aIT 200 1 $a<<4: >>Principj di una scienza nuova d'intorno alla comune natura delle nazioni di Giambattista Vico secondo l'edizione del 1725$fpubblicati con note da Giuseppe Ferrari ; si aggiungono le 'Vindiciae in acta eruditorum lipsiensia' e la vita dell'autore 210 $aMilano$cdalla Società Tipografica de' classici italiani$d1836 215 $aXX, 488 p.$d22 cm 461 1$1001SOBE00018820$12001 $aOpere di Giambattista Vico / ordinate ed illustrate coll'analisi storica della mente di Vico in relazione alla scienza della civiltà da Giuseppe Ferrari 700 1$aVico$b, Giambattista$3AF00006785$4070$0151876 702 1$aFerrari, Giuseppe$3AF00005787$4070 801 0$aIT$bUNISOB$c20111019$gRICA 850 $aUNISOB 852 $aUNISOB$j090$m78583 912 $aSOBE00018822 940 $aM 102 Monografia moderna SBN 941 $aM 957 $a090$b000663$i-4$fConsultabile previa autorizzazione$gNO$d78583$1bethb$2UNISOB$3UNISOB$420111019123339.0$520111019123428.0$6bethb 996 $aPrincipj di una scienza nuova d'intorno alla comune natura delle nazioni di Giambattista Vico secondo l'edizione del 1725$91720943 997 $aUNISOB